| 000 | 00716cab a2200217 4500 | ||
|---|---|---|---|
| 001 | WB3120-04 | ||
| 008 | 090401t1995 xxu||||| |||| 00| 0 eng d | ||
| 035 | _a(Sirsi) u74769 | ||
| 041 | _aeng | ||
| 245 | _aRecovery signs in property holdings | ||
| 260 | _c1995 | ||
| 350 | _a0 | ||
| 490 |
_aDaily Telegraph _v22 May 1995, 22(1) |
||
| 520 | _aThe latest biannual survey published by the CBI and Grimley predicts that the fragile improvement in demand for commercial property will continue over the next six months. | ||
| 650 | _aPROPERTY-COMMERCIAL PROPERTY | ||
| 650 | _aSPACE REQUIREMENTS | ||
| 650 | _aSUPPLY AND DEMAND | ||
| 690 | _aPROPERTY-COMMERCIAL PROPERTY | ||
| 942 | _n0 | ||
| 948 | _c04/03/1997 | ||
| 999 |
_c47112 _d47112 |
||